Ideas sobre poblamiento provincial /
Colección:
San Jorge,
; núm. 12 (octubre 1953), pàg 95-100
MARC
| LEADER | 00000nam a2200000Ia 4500 | ||
|---|---|---|---|
| 003 | Arxiu | ||
| 005 | 20260324181038.0 | ||
| 008 | 160829s9999 xx 000 0 cat d | ||
| 040 | |a agdb | ||
| 100 | 1 | |a Baldrich i Tibau, Manuel, |d 1911-1966 |9 21224 | |
| 245 | 1 | 0 | |a Ideas sobre poblamiento provincial / |c por Manuel Baldrich Tibau, arquitecto provincial |
| 490 | |a San Jorge, |v núm. 12 (octubre 1953), pàg 95-100 | ||
| 650 | 0 | |a Desenvolupament urbà |9 32328 | |
| 650 | 0 | |a Urbanisme |9 30914 |2 Arxiu | |
| 651 | 0 | |9 54825 |a Barcelona (Catalunya : Província) |x Població | |
| 773 | |g Núm. 12 (octubre 1953), pàg 95-100 |t San Jorge. | ||
| 901 | |a Arxiu | ||
| 942 | |n 1 |2 udc |c ART | ||
| 952 | |0 0 |1 0 |4 0 |6 REV508 |7 1 |9 64493 |a Arxiu |b Arxiu |d 2022-11-30 |o Rev-508 |r 2022-11-30 00:00:00 |w 2022-11-30 |y ARXIU |z També disponible a Rev-522 | ||
| 999 | |c 48793 |d 48793 | ||